Sports Quiz

Random Sports or Soccer Quiz
Score 0/24 Timer 01:00
9 Plays Today
Season Yes/No % Correct
1992-93No
99.8%
1993-94No
99.5%
1994-95No
99.2%
1995-96No
98.9%
1996-97No
98.8%
1997-98No
98.6%
1998-99No
98.5%
1999-2000No
98.4%
2000-01No
98.3%
2001-02No
98.2%
2002-03No
98.2%
2003-04No
98.1%
Season Yes/No % Correct
2004-05No
98%
2005-06No
97.9%
2006-07No
97.9%
2007-08No
97.8%
2008-09No
97.8%
2009-10No
97.7%
2010-11No
97.6%
2011-12No
97.6%
2012-13No
97.5%
2013-14No
97.4%
2014-15No
96.7%
2015-16No
96.5%
Remove Ads.
Support Sporcle.
Get the best of Sporcle when you Go Orange. This ad-free experience offers more features, more stats, and more fun while also helping to support Sporcle. Thank you for becoming a member.

You're not logged in!

Compare scores with friends on all Sporcle quizzes.
OR
Log In

Sporcle TV

Today on Sporcle TV


Watch our educational content, quiz creation guides, and fun videos on Sporcle TV.

Show Comments

Extras

Top Quizzes Today


Score Distribution

Paid Content

Your Account Isn't Verified!

In order to create a playlist on Sporcle, you need to verify the email address you used during registration. Go to your Sporcle Settings to finish the process.

Report this User

Report this user for behavior that violates our Community Guidelines.

Details: